2023-24 NFL RECEIVING YARDS LEADERS *BY TEAM* - Statistics

General Stats
  • This quiz has been taken 163 times
  • The average score is 28 of 32
Answer Stats
Hint Answer % Correct
Philadelphia Eagles - 1,456 A.J. Brown
97%
Detroit Lions - 1,515 Amon-Ra St. Brown
96%
Miami Dolphins - 1,799 Tyreek Hill
96%
Dallas Cowboys - 1,749 CeeDee Lamb
95%
Cincinnati Bengals - 1,216 Ja'Marr Chase
95%
Minnesota Vikings - 1,074 Justin Jefferson
95%
Tampa Bay Buccaneers - 1,255 Mike Evans
94%
Seattle Seahawks - 1,114 DK Metcalf
93%
Buffalo Bills - 1,183 Stefon Diggs
93%
Las Vegas Raiders - 1,144 Davante Adams
92%
Chicago Bears - 1,364 DJ Moore
92%
Pittsburgh Steelers - 1,140 George Pickens
92%
Los Angeles Chargers - 1,243 Keenan Allen
92%
Los Angeles Rams - 1,486 Puka Nacua
92%
Baltimore Ravens - 858 Zay Flowers
92%
Tennessee Titans - 1,057 DeAndre Hopkins
91%
Houston Texans - 1,297 Nico Collins
91%
Carolina Panthers - 1,014 Adam Thielen
90%
San Francisco 49ers - 1,342 Brandon Aiyuk
90%
Cleveland Browns - 1,250 Amari Cooper
89%
New Orleans Saints - 1,123 Chris Olave
89%
Atlanta Falcons - 905 Drake London
89%
New York Jets - 1,042 Garrett Wilson
89%
Washington Commanders - 1,002 Terry McLaurin
89%
Kansas City Chiefs - 984 Travis Kelce
89%
Indianapolis Colts - 1,152 Michael Pittman Jr.
88%
Denver Broncos - 772 Courtland Sutton
87%
Jacksonville Jaguars - 1,016 Calvin Ridley
79%
Green Bay Packers - 793 Jayden Reed
66%
New York Giants - 770 Darius Slayton
59%
Arizona Cardinals - 825 Trey McBride
54%
New England Patriots - 561 DeMario Douglas
42%
No matching quizzes found
Score Distribution
Percent of People with Each Score
Percentile by Number Answered
Your Score History
You have not taken this quiz